000 00586nam a22002177a 4500
999 _c7957
_d7957
003 OSt
005 20220809123311.0
008 220809b ||||| |||| 00| 0 eng d
020 _a9780702074042
040 _cNLM
082 _aWP100
_bM276c 2019
100 _aMagowan, Brian A; Philip Owen
_916162
245 _aClinical Obstetrics and Gynaecology.
250 _a4th ed.
260 _aUS:
_bElsevier;
_c2019
300 _avii,404p.:
_bill;
_c27cm
504 _aIncludes Index.
650 _aClinical Obstetrics.
_916105
650 _aClinical Gynaecology.
_916163
942 _2z
_cBOOK